The lost planet / Rachel Searles.
Available copies
- 2 of 2 copies available at LARL/NWRL Consortium.
- 2 of 2 copies available at Lake Agassiz Regional Library. (Show preferred library)
Current holds
0 current holds with 2 total copies.
Show All Copies
| Location | Call Number / Copy Notes | Barcode | Shelving Location | Status | Due Date |
|---|---|---|---|---|---|
| Crookston Public Library | J SEA (Text) | 33500011810496 | Main | Available | - |
| Moorhead Public Library | J SEA (Text) | 33500011810488 | Main | Available | - |
Record details
- ISBN: 9781250038791
- ISBN: 1250038790
- Physical Description: 372 pages ; 21 cm.
- Edition: First edition, advance reader's edition.
- Publisher: New York : Feiwel & Friends, 2014
Content descriptions
| General Note: | "Advance reader's edition" --cover. |
| Summary, etc.: | Waking up on a distant planet, Chase Garrety is ... Read More |
Search for related items by subject
| Subject: | Amnesia > Juvenile fiction. Science fiction > Juvenile fiction. Adventure stories > Juvenile fiction. |
| LDR | 01579cam a2200385Ii 4500 | ||
|---|---|---|---|
| 001 | 162323 | ||
| 003 | LARL_NWRL_CONSORTIUM | ||
| 005 | 20140212104815.0 | ||
| 008 | 131029s2014 oru 000 0 eng d | ||
| 019 | . | ‡a829452532 | |
| 020 | . | ‡a9781250038791 | |
| 020 | . | ‡a1250038790 | |
| 035 | . | ‡a(OCoLC)861725017 ‡z(OCoLC)829452532 | |
| 040 | . | ‡aCCD ‡cCCD ‡erda ‡dYDXCP ‡dBTCTA ‡dBDX ‡dCO2 | |
| 082 | 0 | 4. | ‡a[Fic] ‡223 |
| 090 | . | ‡aPZ7.S438 ‡bLo 2014 | |
| 100 | 1 | . | ‡aSearles, Rachel. |
| 245 | 1 | 4. | ‡aThe lost planet / ‡cRachel Searles. |
| 250 | . | ‡aFirst edition, advance reader's edition. | |
| 260 | . | ‡aNew York : ‡bFeiwel & Friends, ‡c2014 | |
| 300 | . | ‡a372 pages ; ‡c21 cm. | |
| 336 | . | ‡atext ‡2rdacontent | |
| 337 | . | ‡aunmediated ‡2rdamedia | |
| 338 | . | ‡avolume ‡2rdacarrier | |
| 500 | . | ‡a"Advance reader's edition" --cover. | |
| 520 | . | ‡aWaking up on a distant planet, Chase Garrety is horrified to learn that he has no memory of his life and finds himself under the protection of a mysterious benefactor who requires him to complete an important mission before time runs out. | |
| 650 | 0. | ‡aAmnesia ‡vJuvenile fiction. | |
| 650 | 0. | ‡aScience fiction ‡vJuvenile fiction. ‡0(LARL_NWRL_CONSORTIUM)174826 | |
| 650 | 0. | ‡aAdventure stories ‡vJuvenile fiction. | |
| 948 | . | ‡hNO HOLDINGS IN LAL - 94 OTHER HOLDINGS | |
| 994 | . | ‡aZ0 ‡bLAL | |
| 901 | . | ‡a162323 ‡bOCLC ‡c162323 ‡tbiblio | |

Add to basket
Permalink
Disable Highlighting